00546nam a2200157Ia 4500001000700000003000500007008004100012010001100053040000900064082001300073100003000086245018000116260004300296300001100339650003800350Z_5618CHAP220113s1983 xx 000 0 und d a168716 cCHAP a633.2 N6 aNovoa B., Andrés R. ed. aAspectos en la utilización y producción de forrajes en el trópico : compilación de documentos presentados en actividades de capacitación /ced. Andrés R. Novoa B. aTurrialba, Costa Rica :bCATIE,c1983 a136 p. aForrajexTrópicosxProducción